000 00900nam a2200241Ia 4500
003 OSt
005 20220923220848.0
006 a|||||r|||| 00| 0
007 ta
008 220922b |||||||| |||| 00| 0 hin d
024 _a191,528
037 _cTextual
040 _aARTS
_cARTS
_bhin
041 _2hin
_ahin
082 _aV2y7N02x, 152L3
100 _aजयप्रकाश नारायण
245 0 _aसमाजवाद, सर्वोदय और लोकतन्त्र, अनु सच्चिदानन्द
246 _aSamājavāda, sarvodaya aur lokatantra, anu0 sachchidānanda
260 _aपटना
_b बिहार हिन्दी ग्रंथ अकादमी
_c1973
300 _a314पृ.
_ccm.
942 _hV2y7N02x, 152L3
_cTEXL
_2CC
999 _c344235
_d344235